00276nam a2200073Ia 4500082001700000245009100017100005300108008004100161 a746.664 BRUN 0aEietydse kleurkuns : meer as 50 knoopkleurprojekte vir serpe, rokke, t-hemde en dekor  a Brummer, Melanie Welgemoed, 2010 1ste uitg 210817s9999 xx 000 0 und d